| 000 | 00474nam a2200181Ia 4500 | ||
|---|---|---|---|
| 005 | 20240913125934.0 | ||
| 008 | 240913s9999||||xx |||||||||||||| ||und|| | ||
| 041 | _aENGLISH | ||
| 082 | _A615.1 Q7 | ||
| 100 | _aJoginder Singh Pathania | ||
| 245 | 0 | _aPharmacology Revision Booklet | |
| 250 | _a1st | ||
| 260 |
_c2017 _bCBS Publishers & Distributors Pv |
||
| 500 | _aREFERENCE | ||
| 650 |
_aPerfusion Technology _bAllied Health Science |
||
| 942 | _cREF | ||
| 999 |
_c246603 _d246603 |
||